Integrating gender into HIV/AIDS programmes: (Record no. 4957)

MARC details
000 -LEADER
fixed length control field 00774nam a22002417a 4500
003 - CONTROL NUMBER IDENTIFIER
control field LK-CoMWRAF
005 - DATE AND TIME OF LATEST TRANSACTION
control field 20240701150433.0
008 - FIXED-LENGTH DATA ELEMENTS--GENERAL INFORMATION
fixed length control field 240701b2003 |||||||| |||| 00| 0 eng d
020 ## - INTERNATIONAL STANDARD BOOK NUMBER
International Standard Book Number 9241590394
040 ## - CATALOGING SOURCE
Original cataloging agency LK-CoMWRAF
Modifying agency LK-CoMWRAF
Description conventions LK-CoMWRAF
041 ## - LANGUAGE CODE
Language code of text/sound track or separate title English
082 ## - DEWEY DECIMAL CLASSIFICATION NUMBER
Classification number 362.1969
Item number INT
942 ## - ADDED ENTRY ELEMENTS (KOHA)
Koha item type Books
700 ## - ADDED ENTRY--PERSONAL NAME
Personal name Rao Gupta, Geeta
700 ## - ADDED ENTRY--PERSONAL NAME
Personal name Whelan, Daniel
700 ## - ADDED ENTRY--PERSONAL NAME
Personal name Allendorf, Keera
245 ## - TITLE STATEMENT
Title Integrating gender into HIV/AIDS programmes:
Remainder of title a review paper
260 ## - PUBLICATION, DISTRIBUTION, ETC. (IMPRINT)
Place of publication, distribution, etc. Geneva:
Name of publisher, distributor, etc. World Health Organization,
Date of publication, distribution, etc. 2003
300 ## - PHYSICAL DESCRIPTION
Extent 52 p.
Other physical details Bibliography included
856 ## - ELECTRONIC LOCATION AND ACCESS
Uniform Resource Identifier <a href="https://iris.who.int/bitstream/handle/10665/42599/9241590394.pdf?sequence=1&isAllowed=y">https://iris.who.int/bitstream/handle/10665/42599/9241590394.pdf?sequence=1&isAllowed=y</a>
650 ## - SUBJECT ADDED ENTRY--TOPICAL TERM
Topical term or geographic name as entry element HIV INFECTION-Prevention and control
650 ## - SUBJECT ADDED ENTRY--TOPICAL TERM
Topical term or geographic name as entry element Sex factors-Women
Holdings
Withdrawn status Lost status Damaged status Not for loan Permanent Location Current Location Date acquired Full call number Barcode Koha item type
        Resource center, Muslim Women's Research And Action Forum Resource center, Muslim Women's Research And Action Forum 2024-07-01 362.1969 INT RAF5343 Books

Copyright © 2023 Muslim Women's Research and Action Forum (MWRAF), No 27/3, Anderson Road, Kalubowila, Dehiwela. Funded by The Asia Fundation